000 00309nam a22001457a 4500
008 210507b ||||| |||| 00| 0 eng d
020 _a9781121265516
041 _aeng
080 _a101
082 _a101
100 _a24
101 _aFIL
245 _aA Brief Course
_cEugene E. Selk
942 _2udc
_cBK
999 _c57122
_d57122